000 00449nam a22001697a 4500
005 20251108170924.0
008 250721s1998 xx 000 0 ara d
082 1 4 _a616.07/عبد
100 1 _aالكزبري، عبد الملك
245 1 0 _aغذاء المرضى /
264 1 _aدمشق :
_bدار المكتبي،
_c1998.
300 _a431ص
650 1 7 _aالأمراض
650 1 7 _aالأغذية
942 _2ddc
_cBK
999 _c52174
_d52174